| Поле | Инд. | ПП | Название | Значение |
|---|---|---|---|---|
| Тип записи | a | |||
| Библиографический уровень | m | |||
| 001 | Контрольный номер | RU/IS/BASE/339612332 | ||
| 005 | Дата корректировки | 20140227135450.5 | ||
| 040 | a | Служба первич. каталог. | НБ ТвГУ | |
| b | Код языка каталог. | rus | ||
| e | Правила каталог. | PSBO | ||
| 041 | 0_ | a | Код языка текста | rus |
| 080 | a | Индекс УДК | 94(47)"18/19" | |
| 084 | a | Индекс другой классификации/Индекс ББК | Т3(2)52-21 | |
| 084 | a | Индекс другой классификации/Индекс ББК | Т3(2)6-21 | |
| 090 | a | Полочн. индекс | 9(С)17 | |
| x | Авторский знак | Д 79 | ||
| 100 | 1_ | a | Автор | Дубровский Сергей Митрофанович |
| c | Титул (звания) | д-р ист. наук, проф. | ||
| d | Дата | 1900-1970 | ||
| q | Полное имя | Дубровский С. М. | ||
| 245 | 00 | a | Заглавие | Сельское хозяйство и крестьянство России в период империализма |
| c | Ответственность | [вступ. ст. Г. А. Арутюнова] ; АН СССР, Ин-т истории СССР | ||
| 260 | a | Место издания | Москва | |
| b | Издательство | Наука | ||
| c | Дата издания | 1975 | ||
| 300 | a | Объем | 397,[1] с., [1] л. портр. | |
| b | Иллюстрации/ тип воспроизводства | табл. | ||
| 504 | a | Библиография | Библиогр.: с. 12-14 и в подстроч. примеч. | |
| 653 | a | Ключевые слова | 19 в. | |
| a | Ключевые слова | 20 в. | ||
| a | Ключевые слова | Аграрные отношения | ||
| a | Ключевые слова | Крестьянство | ||
| a | Ключевые слова | Россия | ||
| a | Ключевые слова | Сельское хозяйство | ||
| 700 | 1_ | a | Другие авторы | Арутюнов Георгий Анастасович |
| c | Титул (звание) | проф. | ||
| e | Роль лиц | авт. вступ. ст. | ||
| 901 | t | Тип документа | m | |
| 920 | a | Оператор | Лиси | |
| 954 | a | Дата поступления на обработку | 20101005 |